| 000 | 01187nam a2200277 a 4500 | ||
|---|---|---|---|
| 001 | 000028620 | ||
| 003 | DO-SdBNP | ||
| 005 | 20250701104718.0 | ||
| 008 | 110411s1982 dr bcd 000 0 spa d | ||
| 040 |
_aDO-SdBNP _bspa _cBNPHU |
||
| 082 | 4 |
_a362.1 _bC766m _222 |
|
| 111 | 2 |
_aConvención sobre Sistema Único de Salud _d(1982 : _cSanto Domingo) _955577 |
|
| 245 | 1 | 0 | _aMemorias de la Convención sobre Sistema Único de Salud. |
| 260 |
_aSanto Domingo : _bAMD, _c1982. |
||
| 300 |
_a239 p. : _bil., grafcs., mapas, retrs. ; _c22 cm. |
||
| 500 | _aBibliografía : p. 131-132 | ||
| 504 | _aIncluye referencias bibliográficas y notas al pie de las páginas. | ||
| 590 | _aInventariado, 2018/ YL | ||
| 650 | 0 |
_aSalud pública _zAmérica _vCongresos, conferencias, etc. _956565 |
|
| 650 | 0 |
_aSalud pública _zRepública Dominicana _vCongresos, conferencias, etc. _956565 |
|
| 650 | 4 |
_aPersonal de salud _zRepública Dominicana _955580 _vCongresos, conferencias, etc. |
|
| 650 | 4 |
_aIndustria farmacéutica _zRepública Dominicana _953914 _vCongresos, conferencias, etc. |
|
| 710 | 2 |
_aAsociación Médica Dominicana _916565 |
|
| 910 | _aValidado. Control de calidad MFF | ||
| 942 |
_2ddc _cLBS1 |
||
| 999 |
_c28112 _d28112 |
||